000 01445naa a22003497a 4500
001 BR8901278
003 BR-BrBNA
005 20240918180436.0
007 ta
008 230509b bl.||||| |||| 00| 0 por d
040 _aBR-BrBNA
_bpor
_cBiblioteca Nacional de Agricultura
041 _a(Pt)
072 _aF07; N20; P05
_b4520
_b5050
_bG514
090 _aF07 BR8901278
100 1 _aAraujo, A.E.
100 1 _aCasao Junior, R.
100 1 _aFigueiredo, P.R.A.
100 1 _aSiqueira, R.
111 1 _a16. Congresso Brasileiro de Engenharia Agricola
_cJundiai, SP (Brazil)
_d13-17 Jul 1987
245 1 _aEstudo e caracterizacao de implementos de preparo primario do solo a tracao animal, em solo cambissolico alico, no municipio de Rio Azul, Parana
246 1 _aPerformance of molboard horseflows used at the municipality of Rio Azul, Parana, Brazil
246 1 _a[16th Brazilian Congress of Agricultural Engineering. Annals. v. 1]
260 3 _aSao Paulo, SP (Brasil):
_c1987.
500 _a16. Congresso Brasileiro de Engenharia Agricola. Anais. v. 1. Sao Paulo, SP (Brasil): 1987. p. 253-257 (BR8901278-AM)F07
650 _aCULTIVO DO SOLO
650 _aARADO DE AIVECA
650 _aTRACAO ANIMAL
650 _aPARANA
773 0 _t16. Congresso Brasileiro de Engenharia Agricola. Anais. v. 1.
_wF07 BR8901278
_gSao Paulo, SP (Brasil), 1987. p. 253-257
909 _a202404
_bLucia
_c55
_dLucia Elande
942 _cAM
_2AGRIS
999 _c320392
_d320392